000
00267nam a22001217a 4500
082
_a
894.812
_b
EMM/R
100
_a
GEORGE IMMATTY
245
_a
RASAKARAMAYA UDHARANIKAL
260
_a
THRISSUR
_b
H & C PUBLISHING
_c
2005
300
_a
112
650
_z
KERALA
942
_c
BK
999
_c
1033
_d
1033